| 000 | 00689nam a2200181Ia 4500 | ||
|---|---|---|---|
| 008 | 130821s1963 fr gr fre | ||
| 040 |
_aCo-BoUCM _bspa |
||
| 041 | _afre | ||
| 100 | _aLagarde, Andre | ||
| 245 | 4 |
_aLes grands auteurs francais du programme _cAndre Lagarde y Laurent Michard |
|
| 260 |
_aParís (Francia) _bBordas _c1963 |
||
| 300 | _a6 volúmenes | ||
| 505 | _aContenido : V. 1 : Moyen age -- V. 2 : XVIe Siecle -- V. 3 : VIIe Siecle -- V. 4 : XVIIIe Siecle -- V. 5 : XIXe Siecle -- V. 6 : Xe Siecle | ||
| 650 | 0 | 4 |
_aLiteratura francesa _xHistoria _97794 |
| 700 | _aMichard, Laurent | ||
| 942 |
_cLIBRO _a18 _e1 _mL14M _2DEWEY _h840 |
||
| 999 |
_c19512 _d19512 |
||